The 30 Best Books Of All Time - Statistics

General Stats
  • This quiz has been taken 122 times
  • The average score is 5 of 30
Answer Stats
Rank Book % Correct
4 Pride and Prejudice
57%
7 Animal Farm
50%
9 The Hobbit and The Lord Of The Rings
50%
3 To Kill A Mockingbird
39%
28 The Great Gatsby
36%
14 Wuthering Heights
33%
26 Crime and Punishment
27%
19 Jane Eyre
27%
24 Lord of the Flies
20%
23 Romeo and Juliet
17%
20 Les Miserables
15%
15 The Da Vinci Code
12%
18 Alice's Adventures in Wonderland & Through the Looking-Glass
11%
10 Gone With The Wind
11%
17 The Picture of Dorian Gray
11%
1 The Hunger Games
9%
5 Twilight
8%
8 The Chronicles Of Narnia
5%
22 Fahrenheit 451
4%
12 The Hitchhiker's Guide to the Galaxy
4%
6 The Book Thief
3%
11 The Fault In Our Stars
3%
29 Ender's Game
2%
16 Memoirs of a Geisha
2%
25 The Alchemist
2%
30 City of Bones
1%
21 Divergent
1%
27 The Perks of Being a Wallflower
1%
2 Harry Potter and the Order of the Phoenix
0%
13 The Giving Tree
0%
No matching quizzes found
Score Distribution
Percent of People with Each Score
Percentile by Number Answered
Your Score History
You have not taken this quiz